Fighting the tide : (Registro nro. 19530)
[ vista simple ]
| 000 -LEADER | |
|---|---|
| fixed length control field | 01428cam a2200361 i 4500 |
| 005 - DATE AND TIME OF LATEST TRANSACTION | |
| control field | 20250331184431.0 |
| 007 - PHYSICAL DESCRIPTION FIXED FIELD--GENERAL INFORMATION | |
| fixed length control field | ta |
| 008 - FIXED-LENGTH DATA ELEMENTS--GENERAL INFORMATION | |
| fixed length control field | 180605s2017 ck abo fr 000 0 eng d |
| 020 ## - INTERNATIONAL STANDARD BOOK NUMBER | |
| International Standard Book Number | 9789585441095 |
| 040 ## - CATALOGING SOURCE | |
| Original cataloging agency | CO-CtgCURN |
| Language of cataloging | spa |
| Transcribing agency | coctgcurn |
| 082 04 - DEWEY DECIMAL CLASSIFICATION NUMBER | |
| Classification number | 344 |
| Item number | F471 |
| Edition information | 21 |
| 245 00 - TITLE STATEMENT | |
| Title | Fighting the tide : |
| Remainder of title | human rights and environmental justice in the Global South / |
| Statement of responsibility, etc. | César Rodríguez-Garavito, director. |
| 250 ## - EDITION STATEMENT | |
| Edition statement | Quinta edición. |
| 260 ## - PUBLICATION, DISTRIBUTION, ETC. | |
| Place of publication, distribution, etc. | Bogotá : |
| Name of publisher, distributor, etc. | Dejusticia, |
| Date of publication, distribution, etc. | 2017. |
| 300 ## - PHYSICAL DESCRIPTION | |
| Extent | 348 páginas : |
| Other physical details | ilustraciones, fotografías, mapas ; |
| Dimensions | 24 cm. |
| 336 ## - CONTENT TYPE | |
| Content type term | texto |
| Content type code | txt |
| Source | rdacontent |
| 337 ## - MEDIA TYPE | |
| Media type term | sin mediación |
| Media type code | n |
| Source | rdamedia |
| 338 ## - CARRIER TYPE | |
| Carrier type term | volumen |
| Carrier type code | nc |
| Source | rdacarrier |
| 490 1# - SERIES STATEMENT | |
| Series statement | Dejusticia series |
| 490 1# - SERIES STATEMENT | |
| Series statement | Human Rights Action Research from the Global South ; |
| Volume/sequential designation | volume 2 |
| 504 ## - BIBLIOGRAPHY, ETC. NOTE | |
| Bibliography, etc. note | Incluye referencias bibliográficas. |
| 650 17 - SUBJECT ADDED ENTRY--TOPICAL TERM | |
| Topical term or geographic name entry element | Derecho ambiental. |
| Source of heading or term | LEMB |
| 650 17 - SUBJECT ADDED ENTRY--TOPICAL TERM | |
| Topical term or geographic name entry element | Derechos humanos. |
| Source of heading or term | LEMB |
| 700 1# - ADDED ENTRY--PERSONAL NAME | |
| Personal name | Rodríguez-Garavito, César, |
| Relator term | director. |
| 830 #0 - SERIES ADDED ENTRY--UNIFORM TITLE | |
| Uniform title | Dejusticia series. |
| 830 #0 - SERIES ADDED ENTRY--UNIFORM TITLE | |
| Uniform title | Human Rights Action Research from the Global South ; |
| Volume/sequential designation | volume 2. |
| 942 ## - ADDED ENTRY ELEMENTS (KOHA) | |
| Source of classification or shelving scheme | Dewey Decimal Classification |
| Institution code [OBSOLETE] | MHC |
| Koha item type | |
| Classification part | 344 |
| Item part | F471 |
| Withdrawn status | Lost status | Source of classification or shelving scheme | Damaged status | Not for loan | Collection | Home library | Current library | Shelving location | Date acquired | Inventory number | Total checkouts | Full call number | Barcode | Date last seen | Copy number | Price effective from | Koha item type | Public note |
|---|---|---|---|---|---|---|---|---|---|---|---|---|---|---|---|---|---|---|
| Dewey Decimal Classification | General | Miguel Henríquez Castañeda | Miguel Henríquez Castañeda | General | 03/31/2025 | 023880 | 344 F471 | 023880 | 03/31/2025 | ej.1 | 03/31/2025 | Libros | 340-DEREC | |||||
| Dewey Decimal Classification | General | Miguel Henríquez Castañeda | Miguel Henríquez Castañeda | General | 03/31/2025 | 023881 | 344 F471 | 023881 | 03/31/2025 | ej.2 | 03/31/2025 | Libros | 340-DEREC | |||||
| Dewey Decimal Classification | General | Miguel Henríquez Castañeda | Miguel Henríquez Castañeda | General | 03/31/2025 | 023882 | 344 F471 | 023882 | 03/31/2025 | ej.3 | 03/31/2025 | Libros | 340-DEREC | |||||
| Dewey Decimal Classification | General | Miguel Henríquez Castañeda | Miguel Henríquez Castañeda | General | 03/31/2025 | 023883 | 344 F471 | 023883 | 03/31/2025 | ej.4 | 03/31/2025 | Libros | 340-DEREC | |||||
| Dewey Decimal Classification | General | Miguel Henríquez Castañeda | Miguel Henríquez Castañeda | General | 03/31/2025 | 023884 | 344 F471 | 023884 | 03/31/2025 | ej.5 | 03/31/2025 | Libros | 340-DEREC |